000 00498nam a22001817a 4500
005 20251108175616.0
008 250721s2015 xx 000 0 ara d
082 1 4 _aق/مصط
100 1 _aمصطفى، أحمد
245 1 0 _aانتيخريستوس /
250 _aط.70
264 _bعصير الكتب للنشر والتوزيع،
_c2015.
300 _a313ص.
650 1 7 _aالادب العربي
650 1 7 _aالروايات العربية
942 _2ddc
_cBK
999 _c138175
_d138175